LEADER 01578nas 22004455a 450 001 9910891297103321 005 20260218112643.0 011 $a2367-7600 035 $a(CKB)1000000000313091 035 $a(CONSER)--2006201357 035 $a(DE-599)ZDB2873633-3 035 $a(DE-599)3192921-7 035 $a(DE-599)2873633-3 035 $a(EXLCZ)991000000000313091 100 $a20060724a20059999 --o - 101 0 $abul 200 00$aIkonomika i upravlenie =$eEconomics and management 210 $aBlagoevgrad $cI?Ugozapaden universitet "Neofit Rilski, " Stopanski fakultet$d[2005]- 215 $a1 online resource 300 $aTitle from cover. 311 08$aPrint version: Ikonomika i upravlenie = 1312-594X (DLC) 2006201357 (OCoLC)70678685 606 $aManagement$zBulgaria$vPeriodicals 606 $aEconomic history$2fast$3(OCoLC)fst00901974 606 $aInternational economic integration$2fast$3(OCoLC)fst00976879 606 $aManagement$2fast$3(OCoLC)fst01007141 607 $aBulgaria$xEconomic conditions$vPeriodicals 607 $aEurope$xEconomic integration$vPeriodicals 607 $aBulgaria$2fast 607 $aEurope$2fast 608 $aPeriodicals.$2fast 615 0$aManagement 615 7$aEconomic history. 615 7$aInternational economic integration. 615 7$aManagement. 712 02$aI?U?gozapaden universitet "Neofit Rilski."$bStopanski fakultet. 906 $aJOURNAL 912 $a9910891297103321 920 $aexl_impl conversion 996 $aIkonomika i upravlenie$94246076 997 $aUNINA